000 00862nam0a2200265 i 4500
001 RU\NLR\BIBL_A\011339188
005 20241103073146.0
010 _a9785990953703
_91500
021 _aRU
_b2017-7816
_9574
035 _a(NLR Aleph) 011339188
090 _a11182734
_c11182734
100 _a20170303d2017 u y0rusy50 ca
101 0 _arus
102 _aRU
105 _ay|||z||||00yy
200 1 _aТехнологии в жизни человека
_fИгорь Арепьев
210 _aМосква
_c[б.и.]
_d2017
215 _a379 с.
_d26
606 _aТехносфера
_xФилософские вопросы
_92190689
_3RU\NLR\AUTH\661316906
686 1 _aС550.01
700 1 _aАрепьев
_bИ. В.
_f1969-
_gИгорь Витальевич
942 _cBOOK
980 _aNBR